Nombre de jours par mois en 15 secondes - Statistiques

Statistiques générales
  • Ce quiz a été pris 1 136 fois
  • Le résultat moyen est 9 sur 13
Statistiques - réponses
Mois Nombre de jours % Correct
Janvier 31
100%
Février (années communes) 28
94%
Février (années bissextiles) 29
89%
Mars 31
85%
Avril 30
82%
Mai 31
80%
Juin 30
76%
Juillet 31
73%
Août 31
63%
Septembre 30
58%
Octobre 31
54%
Novembre 30
49%
Décembre 31
45%
Aucun quiz correspondant
Distribution des résultats
% des personnes avec chaque résultat
Percentile par nombre de réponses
Votre historique - résultats
Vous n’avez pas pris ce quiz